[Event "S Wales Winter, Major"]
[Site "Bridgend"]
[Date "2025.01.19"]
[Round "4"]
[Board "4"]
[White "Anandkumar, Govind"]
[Black "OGorman, Brendan"]
[Result "1/2-1/2"]
[WhiteElo "1641"]
[BlackElo "1723"]
[PlyCount "47"]
[GameId "2151275701887204"]
[EventDate "2025.01.17"]
[EventType "swiss"]
[EventRounds "5"]
[EventCountry "WLS"]

1. e4 c5 2. c3 Nf6 3. e5 Nd5 4. Nf3 e6 5. d4 cxd4 6. cxd4 b6 7. Bc4 Ba6 8. Bxa6 Nxa6 9. Nc3 Nxc3 10. bxc3 Rc8 11. Qb3 Rxc3 12. Qa4 Nb4 13. O-O a5 14. Bb2 Rxf3 15. gxf3 Qh4 16. Rac1 Be7 17. Rc7 O-O 18. Qxd7 Qg5+ 19. Kh1 Qf4 20. Qxe7 Qxf3+ 21. Kg1 Qg4+ {(=)} 22. Kh1 Qf3+ 23. Kg1 Qg4+ 24. Kh1 1/2-1/2

[Event "S Wales Winter, Major"]
[Site "Bridgend"]
[Date "2025.01.19"]
[Round "4"]
[Board "5"]
[White "Richards, Benjamin James"]
[Black "Di-Vetta, Andrew"]
[Result "0-1"]
[WhiteElo "1589"]
[BlackElo "1787"]
[PlyCount "86"]
[GameId "2151276430909707"]
[EventDate "2025.01.17"]
[EventType "swiss"]
[EventRounds "5"]
[EventCountry "WLS"]

1. Nf3 Nf6 2. g3 d5 3. Bg2 c5 4. O-O Nc6 5. d4 cxd4 6. Nxd4 e5 7. Nxc6 bxc6 8. c4 Be6 9. Nc3 Qd7 10. cxd5 cxd5 11. Bg5 Rd8 12. Bxf6 gxf6 13. Qc2 h5 14. h4 Qc6 15. Rfd1 Bh6 16. e3 e4 17. Qa4 Qxa4 18. Nxa4 Ke7 19. Rd4 f5 20. Nc3 Bg7 21. Rd2 d4 22. exd4 Rxd4 23. Rad1 Rhd8 24. Rxd4 Rxd4 25. a3 Bb3 26. Rxd4 Bxd4 27. Kf1 a6 28. Ke2 Bc4+ 29. Ke1 Kd6 30. Bf1 Bxf1 31. Kxf1 Kc5 32. Ke2 Kc4 33. Nd1 Kb3 34. Kd2 a5 35. Kc1 a4 36. Kb1 f4 37. gxf4 Bf6 38. Nc3 Bxc3 39. bxc3 Kxc3 40. Kc1 f5 41. Kb1 Kd2 42. Kb2 Ke2 43. Kc3 Kxf2 0-1

[Event "S Wales Winter, Major"]
[Site "Bridgend"]
[Date "2025.01.19"]
[Round "4"]
[Board "6"]
[White "Hanczar, Csombor"]
[Black "Forsey, Tomas"]
[Result "1-0"]
[WhiteElo "1562"]
[BlackElo "1727"]
[PlyCount "49"]
[GameId "2151277501239577"]
[EventDate "2025.01.17"]
[EventType "swiss"]
[EventRounds "5"]
[EventCountry "WLS"]

1. Nf3 f5 2. d4 e6 3. c4 Nf6 4. Nc3 Bb4 5. Qc2 O-O 6. e3 d6 7. Bd2 Qe8 8. Bd3 e5 9. e4 exd4 10. Nxd4 Bxc3 11. Bxc3 Nxe4 12. Bxe4 Qxe4+ 13. Qxe4 fxe4 14. O-O-O Na6 15. b4 Bd7 16. Rhe1 Rxf2 17. Rxe4 Rxg2 18. Re7 Rd8 19. Rf1 Bc8 20. Rff7 Rf8 21. Ne6 Bxe6 22. Rxg7+ Rxg7 23. Rxg7+ Kh8 24. Rg3+ Rf6 25. Bxf6# 1-0

[Event "S Wales Winter, Major"]
[Site "Bridgend"]
[Date "2025.01.19"]
[Round "4"]
[Board "7"]
[White "Limesdale, Jacob"]
[Black "Sharhorodsky, Yaroslav"]
[Result "1-0"]
[WhiteElo "1467"]
[BlackElo "1723"]
[PlyCount "111"]
[GameId "2151345556160740"]
[EventDate "2025.01.17"]
[EventType "swiss"]
[EventRounds "5"]
[EventCountry "WLS"]

1. d4 g6 2. Nc3 d5 3. Bf4 Nf6 4. Nb5 Na6 5. e3 Bg4 6. Nf3 c6 7. Nc3 Qa5 8. Bd3 Nb4 9. h3 Nxd3+ 10. cxd3 Bf5 11. Ne5 Nd7 12. Nxd7 Bxd7 13. O-O g5 14. Bxg5 Rg8 15. Qh5 Qb4 16. Bf4 Qxb2 17. Na4 Qb5 18. Nc5 b6 19. Nxd7 Kxd7 20. Qxh7 Rg7 21. Qf5+ e6 22. Qe5 Rc8 23. Rfd1 Rh7 24. e4 Be7 25. exd5 Qxd5 26. Qe4 Rg8 27. Kh2 Rhg7 28. Qxd5+ cxd5 29. g3 Ba3 30. Rab1 Rc8 31. Rb3 Bd6 32. Bxd6 Kxd6 33. Rd2 Rc1 34. Ra3 a5 35. Rb2 Kc6 36. Rab3 b5 37. Rxb5 Rc2 38. Rb6+ Kc7 39. Rb7+ Kc8 40. Rb8+ Kc7 41. R2b7+ Kd6 42. Rd8+ Kc6 43. Rc8+ Kxb7 44. Rxc2 a4 45. h4 Rg4 46. h5 Rg5 47. g4 Rxg4 48. Kh3 Rxd4 49. h6 Rxd3+ 50. Kg2 Rd4 51. Kg3 Rd3+ 52. f3 Rd1 53. Rh2 Rg1+ 54. Kf4 Rg8 55. h7 Rh8 56. Ke5 1-0

[Event "S Wales Winter, Major"]
[Site "Bridgend"]
[Date "2025.01.19"]
[Round "4"]
[Board "8"]
[White "Phillips, Joshua"]
[Black "Peters, Chris"]
[Result "0-1"]
[WhiteElo "1310"]
[BlackElo "1653"]
[PlyCount "60"]
[GameId "2151350454087926"]
[EventDate "2025.01.17"]
[EventType "swiss"]
[EventRounds "5"]
[EventCountry "WLS"]

{[%evp 0,60,18,29,28,81,17,29,78,35,116,6,165,153,132,103,137,139,150,100,24,97,97,83,92,-189,-380,-218,-190,-218,-175,-164,-171,-146,-257,-174,-171,-171,-182,-317,-375,-426,-375,-452,-244,-479,-235,-225,-184,-159,-247,-308,-309,-464,-398,-462,-505,-583,-584,-590,-626,-663,-719]} 1. e4 c5 2. Nf3 d6 3. d4 Bg4 4. Nc3 Nf6 5. dxc5 dxc5 6. Qxd8+ Kxd8 7. Bf4 a6 8. O-O-O+ Kc8 9. Bc4 Bxf3 10. gxf3 e6 11. Rhg1 b5 12. Bd5 exd5 13. exd5 Ra7 14. Rge1 Re7 15. Ne4 Nxe4 16. fxe4 Nd7 17. e5 g5 18. Bg3 Bg7 19. d6 Re6 20. h4 g4 21. Re4 h5 22. f3 f5 23. exf6 Bh6+ 24. Kb1 Rxe4 25. fxe4 Nxf6 26. Be5 Rf8 27. Bxf6 Rxf6 28. d7+ Kd8 29. e5 Re6 30. Rd5 Be3 0-1

[Event "S Wales Winter, Major"]
[Site "Bridgend"]
[Date "2025.01.19"]
[Round "4"]
[Board "9"]
[White "Belochkin, David"]
[Black "George, Naveen Daniel"]
[Result "0-1"]
[WhiteElo "1563"]
[BlackElo "1496"]
[PlyCount "58"]
[GameId "2151351458390283"]
[EventDate "2025.01.17"]
[EventType "swiss"]
[EventRounds "5"]
[EventCountry "WLS"]

1. d4 Nf6 2. Nf3 g6 3. c4 Bg7 4. Nc3 O-O 5. e4 d6 6. h3 e5 7. d5 Na6 8. a3 Nc5 9. Qc2 a5 10. Be3 Ne8 11. Rb1 f5 12. b4 axb4 13. axb4 Nxe4 14. Nxe4 fxe4 15. Nd2 Nf6 16. g3 c6 17. Bg2 cxd5 18. cxd5 Nxd5 19. Qb3 Be6 20. Bxe4 Nc7 21. Qc2 d5 22. Bb6 Rc8 23. Rc1 dxe4 24. Bxc7 Qe7 25. Qc5 Rf7 26. Nxe4 Rxc7 27. Qxe7 Rxc1+ 28. Kd2 Rxe7 29. Rxc1 Bh6+ 0-1

[Event "S Wales Winter, Major"]
[Site "Bridgend"]
[Date "2025.01.19"]
[Round "4"]
[Board "10"]
[White "Zhuravlev, Andrei"]
[Black "Burton, Henry"]
[Result "1-0"]
[WhiteElo "1548"]
[BlackElo "1386"]
[PlyCount "165"]
[GameId "2151352448858247"]
[EventDate "2025.01.17"]
[EventType "swiss"]
[EventRounds "5"]
[EventCountry "WLS"]

1. e4 e5 2. Nf3 Nc6 3. Bb5 Nf6 4. Nc3 d6 5. d4 Bd7 6. d5 a6 7. dxc6 axb5 8. cxd7+ Qxd7 9. Qd3 b4 10. Nd5 Nxd5 11. Qxd5 Be7 12. Bd2 c6 13. Qb3 c5 14. Rd1 Qg4 15. O-O Qxe4 16. Ng5 Bxg5 17. Bxg5 Qg6 18. Be3 O-O 19. c3 bxc3 20. Qxc3 Rxa2 21. Qb3 Ra7 22. Qb6 Raa8 23. Rxd6 Qe4 24. Qxc5 Rac8 25. Qd5 Qxd5 26. Rxd5 Rfe8 27. Rb5 Rc7 28. Rc1 Rd8 29. Rbc5 Rxc5 30. Bxc5 Rc8 31. Be3 Ra8 32. Kf1 Kf8 33. Bc5+ Ke8 34. Ke2 f5 35. Re1 Rc8 36. Ba3 b5 37. Kd2 e4 38. f3 Rd8+ 39. Kc3 Rd3+ 40. Kc2 Rd5 41. fxe4 Re5 42. Kd3 Kf7 43. Kd4 Re6 44. Bb4 fxe4 45. Rxe4 Rh6 46. h3 Rc6 47. Kd3 h6 48. Bc3 g5 49. Kc2 h5 50. Kb3 Kg6 51. Kb4 Rc8 52. Re6+ Kf5 53. Re5+ Kf4 54. Rxb5 Rg8 55. Be5+ Ke3 56. Bf6 Kf4 57. b3 h4 58. Ka5 Rg6 59. Bd8 Rg8 60. Rd5 Ke4 61. Rd1 Kf4 62. b4 Kg3 63. Rd5 Kxg2 64. Rxg5+ Rxg5+ 65. Bxg5 Kxh3 66. b5 Kg4 67. Bxh4 Kxh4 68. b6 Kg5 69. b7 Kf6 70. b8=Q Ke6 71. Qd8 Ke5 72. Kb5 Ke4 73. Qd6 Ke3 74. Qb4 Kd3 75. Qc4+ Ke3 76. Kc5 Kf3 77. Qd4 Kg3 78. Qe4 Kh3 79. Qg6 Kh2 80. Kd4 Kh3 81. Ke3 Kh2 82. Kf3 Kh1 83. Qg2# 1-0

[Event "S Wales Winter, Major"]
[Site "Bridgend"]
[Date "2025.01.19"]
[Round "4"]
[Board "11"]
[White "Jones, Huw"]
[Black "Richards, James"]
[Result "1/2-1/2"]
[WhiteElo "1762"]
[BlackElo "1517"]
[PlyCount "53"]
[GameId "2151354471729299"]
[EventDate "2025.01.17"]
[EventType "swiss"]
[EventRounds "5"]
[EventCountry "WLS"]

{[%evp 0,53,7,26,25,18,42,15,23,17,33,40,12,16,22,31,36,40,27,33,60,43,91,81,147,188,161,64,183,182,296,182,265,121,333,229,223,203,257,307,358,141,380,295,388,232,270,193,208,116,129,81,-17,20,-8,32]} 1. c4 Nf6 2. Nc3 g6 3. g3 Bg7 4. Bg2 O-O 5. e4 d6 6. Nge2 e5 7. O-O Be6 8. d3 c6 9. h3 Nbd7 10. Be3 b6 11. Qd2 a6 12. f4 Nb8 13. f5 Bd7 14. g4 gxf5 15. exf5 d5 16. Bg5 Qc7 17. Bxf6 Bxf6 18. g5 Be7 19. cxd5 Bb4 20. a3 Bxc3 21. Qxc3 b5 22. f6 Qb6+ 23. Kh1 cxd5 24. Bxd5 Bc6 25. Be4 Qe3 26. Bxc6 Nxc6 27. Qxc6 1/2-1/2

[Event "S Wales Winter, Major"]
[Site "Bridgend"]
[Date "2025.01.19"]
[Round "4"]
[Board "14"]
[White "Heatman, Jordan"]
[Black "Thompson, Chris"]
[Result "1-0"]
[WhiteElo "1812"]
[BlackElo "1563"]
[PlyCount "69"]
[GameId "2151358283786801"]
[EventDate "2025.01.17"]
[EventType "swiss"]
[EventRounds "5"]
[EventCountry "WLS"]

1. e4 c6 2. d4 d5 3. e5 Bf5 4. Bd3 Bxd3 5. Qxd3 e6 6. f4 c5 7. c3 Nh6 8. Nf3 Nf5 9. O-O Nc6 10. Na3 a6 11. Nc2 Qb6 12. Kh1 Be7 13. g4 Nh4 14. Nxh4 Bxh4 15. dxc5 Qxc5 16. Be3 Qb5 17. Qxb5 axb5 18. Nd4 O-O 19. Nxb5 Be7 20. a4 Rfd8 21. a5 Rdc8 22. b4 g6 23. Nd4 Nxd4 24. Bxd4 h6 25. f5 exf5 26. gxf5 g5 27. h4 g4 28. f6 Bf8 29. h5 b6 30. axb6 Rxa1 31. Rxa1 Rb8 32. Bc5 Bxc5 33. bxc5 Kf8 34. c6 Rxb6 35. Ra8+ 1-0

[Event "S Wales Winter, Major"]
[Site "Bridgend"]
[Date "2025.01.19"]
[Round "4"]
[Board "15"]
[White "Murthy, Arush"]
[Black "Hurn, Robert Aj"]
[Result "1/2-1/2"]
[WhiteElo "1577"]
[BlackElo "1682"]
[PlyCount "64"]
[GameId "2151359708727868"]
[EventDate "2025.01.17"]
[EventType "swiss"]
[EventRounds "5"]
[EventCountry "WLS"]

{[%evp 0,64,11,35,16,17,15,1,-22,-3,3,7,6,-9,3,-2,2,1,46,0,8,-5,9,-3,36,3,26,29,27,-42,51,-17,41,-6,0,-26,4,-3,-2,2,4,8,42,37,47,32,33,-298,-337,-290,-200,-283,-231,-247,45,134,86,130,18,18,15,18,-14,-5,37,24,-14]} 1. d4 Nf6 2. c4 e6 3. a3 d5 4. e3 Be7 5. Nf3 Nbd7 6. Nc3 O-O 7. Bd3 b6 8. O-O Bb7 9. cxd5 exd5 10. Qc2 h6 11. Re1 c5 12. b3 cxd4 13. Nxd4 Rc8 14. Qd2 Ne4 15. Nxe4 dxe4 16. Be2 Re8 17. Bg4 Rc5 18. Ne6 fxe6 19. Bxe6+ Kh8 20. Qxd7 Qb8 21. Bf7 Bc6 22. Qh3 Rf8 23. Be6 Rc2 24. Rf1 Bb5 25. Bc4 Bxc4 26. bxc4 Rxc4 27. Qe6 Qc7 28. Bb2 Bf6 29. Bxf6 Rxf6 30. Qe8+ Kh7 31. Rfd1 Rfc6 32. h3 b5 1/2-1/2

[Event "S Wales Winter, Major"]
[Site "Bridgend"]
[Date "2025.01.19"]
[Round "4"]
[Board "16"]
[White "Colcombe, Joshua"]
[Black "Williams, Stephen"]
[Result "0-1"]
[WhiteElo "1570"]
[BlackElo "1666"]
[PlyCount "80"]
[GameId "2151360576608839"]
[EventDate "2025.01.17"]
[EventType "swiss"]
[EventRounds "5"]
[EventCountry "WLS"]

1. d4 Nf6 2. e3 g6 3. Bd3 Bg7 4. c3 b6 5. f4 Bb7 6. Nf3 d6 7. Nbd2 Nbd7 8. O-O O-O 9. e4 c5 10. e5 Ng4 11. Qe1 f5 12. exf6 Rxf6 13. Ne4 Bxe4 14. Bxe4 Rb8 15. h3 Nh6 16. g4 Rf8 17. Bd5+ Kh8 18. f5 Nf6 19. Be6 Nhg8 20. fxg6 hxg6 21. Qh4+ Nh7 22. Ng5 Nh6 23. Bf7 Qc8 24. Bxg6 Rxf1+ 25. Kxf1 Qa6+ 26. Ke1 Rf8 27. Nf7+ Kg8 28. Nxh6+ Bxh6 29. Bxh7+ Kh8 30. Bd3 Qxd3 31. Qxh6+ Kg8 32. Qe6+ Kh8 33. Qh6+ Kg8 34. Qe6+ Kh8 35. Qe2 Qg3+ 36. Kd1 Qg1+ 37. Kc2 Rf2 38. Bd2 Qg2 39. Re1 Rxe2 40. Rxe2 Qxe2 0-1

[Event "S Wales Winter, Major"]
[Site "Bridgend"]
[Date "2025.01.19"]
[Round "4"]
[Board "17"]
[White "Williams, James L"]
[Black "Zheng, Lucas"]
[Result "0-1"]
[WhiteElo "1655"]
[BlackElo "1506"]
[PlyCount "52"]
[GameId "2151361884920424"]
[EventDate "2025.01.17"]
[EventType "swiss"]
[EventRounds "5"]
[EventCountry "WLS"]

1. e4 c5 2. Nf3 d6 3. d4 cxd4 4. Nxd4 Nc6 5. Bb5 Bd7 6. O-O Nf6 7. Nc3 g6 8. Bg5 Bg7 9. Nxc6 bxc6 10. Bd3 O-O 11. Re1 Qb6 12. Rb1 Ng4 13. Be3 Nxe3 14. Rxe3 Bd4 15. Rg3 Bxf2+ 16. Kh1 Bxg3 17. hxg3 f5 18. Qe2 fxe4 19. Nxe4 d5 20. Ng5 Rae8 21. Nf3 e5 22. c3 e4 23. Bc2 exf3 24. Qd2 Re2 25. Rc1 fxg2+ 26. Kh2 g1=Q# 0-1

[Event "S Wales Winter, Major"]
[Site "Bridgend"]
[Date "2025.01.19"]
[Round "4"]
[Board "18"]
[White "Moulson, Paul"]
[Black "Chaure-Larsen, Daniel"]
[Result "0-1"]
[Annotator "Home"]
[WhiteElo "1653"]
[BlackElo "1430"]
[PlyCount "111"]
[GameId "2151362675608183"]
[EventDate "2025.01.17"]
[EventType "swiss"]
[EventRounds "5"]
[EventCountry "WLS"]

{[%evp 0,111,14,22,31,38,25,24,31,-96,11,42,34,1,14,19,141,3,18,31,108,25,51,39,79,39,98,51,16,37,73,71,75,45,21,85,120,-281,-74,-273,-314,-295,-314,-300,-276,-301,-281,-115,-289,-338,-170,-291,-313,-351,-380,-133,-331,-316,-269,-143,-273,-283,-326,-308,-301,-362,-322,-351,-283,-196,-299,-450,-374,-472,-358,-502,-586,-527,-376,-601,-584,-742,-424,-820,-1006,-1034,585,641,697,727,734,787,674,750,791,750,769,764,1436,998,1094,1315,1711,2316,29985,29986,29987,1211,1417,1529,29973,29974,29987,283]} 1. e4 c6 2. Nf3 d5 3. Nc3 Bg4 4. d4 dxe4 5. Nxe4 Nf6 6. Ng3 e6 7. c3 c5 8. Bb5+ Nbd7 9. O-O a6 10. Bd3 Bd6 11. h3 Bxg3 12. fxg3 Bh5 13. dxc5 Nxc5 14. Bc2 Nce4 15. Qxd8+ Rxd8 16. Kh2 Bg6 17. Ne5 Nxg3 18. Nxg6 Nxf1+ 19. Kg1 hxg6 20. Kxf1 Rh5 21. Be3 Nd5 22. Bf2 f5 23. Bd1 Rh8 24. Bd4 Kf7 25. Bf3 Rd7 26. Rd1 e5 27. Bf2 e4 28. Be2 b5 29. c4 bxc4 30. Bxc4 Ke6 31. Ke2 f4 32. Bxa6 Rb8 33. Bd4 Rbd8 34. Bc4 Kf5 35. g4+ Kg5 36. h4+ Kxh4 37. Rh1+ Kg3 38. Rg1+ Kh4 39. Bf2+ Kg5 40. Ke1 Ne3 41. Be2 Rc7 42. Bxe3 Rc1+ 43. Bxc1 Rc8 44. Kf2 Rh8 45. b4 Rh2+ 46. Rg2 e3+ 47. Kg1 Rh3 48. b5 Kh4 49. b6 f3 50. b7 f2+ 51. Rxf2 exf2+ 52. Kxf2 Rh2+ 53. Ke1 Rh1+ 54. Kd2 Kg3 55. b8=Q+ Kg2 56. Qh2+ 0-1

[Event "S Wales Winter, Major"]
[Site "Bridgend"]
[Date "2025.01.19"]
[Round "4"]
[Board "19"]
[White "Ramzan, Timur"]
[Black "Hanczar, Mabon"]
[Result "1-0"]
[WhiteElo "1624"]
[BlackElo "1310"]
[PlyCount "105"]
[GameId "2151365749410465"]
[EventDate "2025.01.17"]
[EventType "swiss"]
[EventRounds "5"]
[EventCountry "WLS"]

{[%evp 0,77,11,22,-15,16,1,16,46,23,16,-7,4,0,-3,-13,16,-1,16,15,153,132,138,147,144,130,197,209,190,194,192,213,225,-22,-19,-72,72,90,77,44,79,76,96,-41,150,35,232,104,-157,12,102,-371,-7,207,23,8,38,-56,-142,-189,-48,-1,71,-1,-15,1,64,0,18,-1,-16,1,1,61,67,-74,65,69,90,96]} 1. e4 e5 2. Nf3 Nc6 3. Bb5 d6 4. h3 a6 5. Ba4 b5 6. Bb3 Nf6 7. d3 Be7 8. O-O h6 9. a3 Nh5 10. Nxe5 dxe5 11. Qxh5 g6 12. Qf3 Be6 13. Bxe6 fxe6 14. Be3 Nd4 15. Qd1 Bg5 16. f4 exf4 17. Bxf4 Bxf4 18. Rxf4 Qg5 19. Rf1 Rf8 20. Rxf8+ Kxf8 21. c3 Nc6 22. Nd2 Kg7 23. Nf3 Qe3+ 24. Kh1 Rf8 25. Qd2 Qxd2 26. Nxd2 Ne5 27. d4 Nd3 28. Ra2 Rf2 29. b4 Nc1 30. Rb2 Nb3 31. Rxb3 Rxd2 32. e5 c6 33. Kh2 g5 34. Kg3 h5 35. Kf3 g4+ 36. hxg4 hxg4+ 37. Kxg4 Rxg2+ 38. Kf3 Rd2 39. Ke3 Rd1 40. Rb2 Rh1 41. Kd3 Rh3+ 42. Kc2 Rh2+ 43. Kb3 Rh8 44. a4 Rd8 45. Ra2 Ra8 46. axb5 cxb5 47. c4 bxc4+ 48. Kxc4 Rc8+ 49. Kd3 Ra8 50. b5 Kg6 51. Rxa6 Rh8 52. Kc4 Rc8+ 53. Rc6 1-0

[Event "S Wales Winter, Major"]
[Site "Bridgend"]
[Date "2025.01.19"]
[Round "4"]
[Board "21"]
[White "Hill, Glyn"]
[Black "Holland, Wayne"]
[Result "1-0"]
[WhiteElo "1431"]
[BlackElo "1513"]
[PlyCount "111"]
[GameId "2151367372274387"]
[EventDate "2025.01.17"]
[EventType "swiss"]
[EventRounds "5"]
[EventCountry "WLS"]

1. d4 Nf6 2. Nf3 g6 3. Bf4 Bg7 4. c3 O-O 5. Qd2 Ne4 6. Qe3 d5 7. Bh6 Nd7 8. Bxg7 Kxg7 9. Ng5 Ndf6 10. Nxe4 Nxe4 11. Nd2 Bf5 12. g4 Nxd2 13. gxf5 Ne4 14. f3 Nd6 15. fxg6 fxg6 16. Qe5+ Rf6 17. Qxd5 Qd7 18. O-O-O Rf5 19. Bh3 Raf8 20. Bxf5 Rxf5 21. Qb3 Rb5 22. Qa4 Qc6 23. Qxa7 Nc4 24. d5 Qf6 25. Qd4 Rxb2 26. Qxf6+ Kxf6 27. Rd4 Rxa2 28. Kb1 Ra4 29. Kc2 b5 30. Re4 Ra6 31. Rg1 Rd6 32. Re6+ Rxe6 33. dxe6 Kxe6 34. h4 Kf6 35. Rg5 c6 36. Rc5 Na5 37. c4 Nxc4 38. Rxc6+ Kf7 39. Kc3 h5 40. Rc5 Nd6 41. Kb4 Kf6 42. e4 e5 43. f4 Nxe4 44. fxe5+ Ke6 45. Rxb5 g5 46. hxg5 Nxg5 47. Kc3 Nf3 48. Kd3 Ng5 49. Kd4 h4 50. Rb6+ Ke7 51. Rh6 h3 52. Ke3 Nf7 53. Rh5 Ke6 54. Kf4 h2 55. Rxh2 Nxe5 56. Re2 1-0

[Event "S Wales Winter, Major"]
[Site "Bridgend"]
[Date "2025.01.19"]
[Round "4"]
[Board "22"]
[White "Blankley, Toby"]
[Black "Edwards, Jonathan Simon"]
[Result "1-0"]
[WhiteElo "1456"]
[BlackElo "1466"]
[PlyCount "119"]
[GameId "2151369002515297"]
[EventDate "2025.01.17"]
[EventType "swiss"]
[EventRounds "5"]
[EventCountry "WLS"]

{[%evp 0,119,11,22,22,25,18,10,14,19,-1,13,33,5,16,-22,2,-8,-29,-1,55,7,-18,-54,-26,-10,2,0,89,-136,50,-11,-3,-5,139,88,154,129,128,41,-9,-77,80,-459,-29,-150,-1,1,26,86,67,-88,-4,18,-97,-137,2,1,352,419,377,485,448,333,288,332,378,338,367,385,476,476,486,483,521,517,388,480,480,286,221,423,358,366,369,361,384,377,370,391,415,402,321,415,437,396,407,287,424,412,431,232,434,401,586,493,553,525,404,511,477,521,881,401,862,903,928,961,990,973,1017,1590]} 1. e4 e5 2. Nf3 Nc6 3. Bc4 Nf6 4. Ng5 d5 5. exd5 Nxd5 6. d3 Be7 7. O-O Bxg5 8. Bxg5 Qxg5 9. Bxd5 O-O 10. Nd2 Bg4 11. Ne4 Qg6 12. f3 Bh3 13. Qd2 h6 14. Nc5 Kh8 15. Nxb7 Nb4 16. Bb3 Rab8 17. Nc5 Rfd8 18. Rfe1 Nc6 19. Ba4 Nd4 20. Qf2 Bxg2 21. Re3 Bh3+ 22. Kh1 Rd6 23. Rg1 Qf5 24. c3 Ne6 25. Ne4 Rdb6 26. Bb3 Nf4 27. d4 Rg6 28. Ng3 Nd3 29. Qd2 Qf4 30. Rxd3 Qf6 31. Ne4 Rxg1+ 32. Kxg1 Qg6+ 33. Ng3 Bf5 34. Re3 e4 35. fxe4 Be6 36. Bxe6 Qxe6 37. d5 Qe5 38. Qd4 Qg5 39. Qxa7 Rxb2 40. Rf3 Qc1+ 41. Nf1 Qg5+ 42. Rg3 Qf4 43. Qd4 f6 44. Qe3 Qe5 45. Qf3 Rxa2 46. Qg4 g5 47. Qc8+ Kg7 48. Qe6 Qd6 49. Qxd6 cxd6 50. Rg2 Ra4 51. Ng3 Kf7 52. Rc2 Ke7 53. Nf5+ Kd7 54. Nxh6 Rxe4 55. Ng8 f5 56. Nf6+ Kc7 57. Nxe4 fxe4 58. Kf2 Kb6 59. Ke3 Kc5 60. Kxe4 1-0

[Event "S Wales Winter, Major"]
[Site "Bridgend"]
[Date "2025.01.19"]
[Round "5"]
[Board "1"]
[White "Browse, Joseph"]
[Black "Havard, Gwyn"]
[Result "0-1"]
[WhiteElo "1756"]
[BlackElo "1784"]
[PlyCount "102"]
[GameId "2151371661403624"]
[EventDate "2025.01.17"]
[EventType "swiss"]
[EventRounds "5"]
[EventCountry "WLS"]

1. e4 d5 2. exd5 Nf6 3. Bb5+ Nbd7 4. d4 a6 5. Be2 Nxd5 6. c4 N5f6 7. Nf3 e6 8. O-O c5 9. Nc3 cxd4 10. Nxd4 Bc5 11. Nf3 b6 12. Bf4 O-O 13. Qc2 Qe7 14. a3 e5 15. Bg5 a5 16. Ne4 Bb7 17. Bd3 h6 18. Bh4 Bxe4 19. Bxe4 Rae8 20. Rfe1 Qe6 21. Rad1 Nxe4 22. Qxe4 f5 23. Qd5 Qxd5 24. Rxd5 e4 25. Nd4 Ne5 26. Nb3 g5 27. Bxg5 hxg5 28. Nxc5 bxc5 29. f3 Nd3 30. Re3 Rd8 31. Rxd8 Rxd8 32. fxe4 fxe4 33. Rxe4 Rd4 34. Rxd4 cxd4 35. b4 Nxb4 36. Kf2 Nc6 37. Ke2 Kf7 38. Kd3 Kf6 39. Ke4 g4 40. h3 gxh3 41. gxh3 Kg5 42. c5 Kh4 43. Kf4 Kxh3 44. Kf3 Kh4 45. Kf4 Kh5 46. a4 Kg6 47. Ke4 Kf6 48. Kf4 Ke7 49. Kf3 Ne5+ 50. Ke4 d3 51. Ke3 Kd7 0-1

[Event "S Wales Winter, Major"]
[Site "Bridgend"]
[Date "2025.01.19"]
[Round "5"]
[Board "2"]
[White "Jones, Steve"]
[Black "Powell-Jones, Liam"]
[Result "1-0"]
[WhiteElo "1791"]
[BlackElo "1681"]
[PlyCount "131"]
[GameId "2151372901987839"]
[EventDate "2025.01.17"]
[EventType "swiss"]
[EventRounds "5"]
[EventCountry "WLS"]

{[%evp 0,131,11,23,24,0,18,-8,-1,0,10,1,27,27,21,36,32,29,45,48,54,55,60,-1,-4,-28,-28,-76,-68,-79,-17,-52,-52,-57,-49,-136,-150,-169,-59,-65,-39,-41,-36,-31,10,-9,3,-3,15,2,-8,-17,-4,8,2,-10,-4,-118,35,28,107,117,115,98,125,126,-17,113,67,87,84,83,129,130,182,178,196,104,196,197,178,186,218,164,165,34,101,76,9,41,43,147,167,185,213,215,128,152,329,447,397,249,253,262,278,250,299,250,301,259,357,357,369,412,419,427,766,540,597,205,648,635,700,703,704,724,691,714,696,696,707,726,711,791]} 1. d4 Nf6 2. Nc3 e6 3. Bf4 Bb4 4. e3 O-O 5. Bd3 b6 6. Qf3 Nc6 7. Bg5 Be7 8. Nge2 Bb7 9. a3 Na5 10. Qh3 g6 11. f3 c5 12. dxc5 bxc5 13. Ng3 d5 14. O-O d4 15. Nce4 Nxe4 16. Bxe7 Qxe7 17. Bxe4 Bxe4 18. fxe4 dxe3 19. Qh6 Rab8 20. b3 e2 21. Nxe2 Qd6 22. Rf3 Qe5 23. Raf1 Rbd8 24. Rh3 Qg7 25. Qe3 Qe5 26. Qh6 Qg7 27. Qf4 Nc6 28. Qh4 f5 29. exf5 exf5 30. Qc4+ Kh8 31. Qxc5 Nd4 32. Nxd4 Qxd4+ 33. Qxd4+ Rxd4 34. c4 Re8 35. Rhf3 a5 36. Rc1 Re2 37. Rf2 Re3 38. Rb2 Rdd3 39. c5 Rxb3 40. Rxb3 Rxb3 41. c6 Rb8 42. c7 Rc8 43. Kf2 Kg7 44. Ke3 Kf7 45. Kf4 h6 46. Ke5 Ke7 47. h4 Kd7 48. Kf6 f4 49. Kxg6 Rg8+ 50. Kxh6 Kc8 51. Rc2 Rg3 52. h5 Rg4 53. Kh7 Rg3 54. h6 Rg5 55. Kh8 Rg6 56. h7 Rg3 57. Re2 Rg4 58. Re7 Rxg2 59. Rf7 Rg4 60. Rg7 Rh4 61. Kg8 f3 62. h8=Q Rxh8+ 63. Kxh8 f2 64. Rf7 f1=Q 65. Rxf1 Kxc7 66. Rf6 1-0

[Event "S Wales Winter, Major"]
[Site "Bridgend"]
[Date "2025.01.19"]
[Round "5"]
[Board "3"]
[White "Di-Vetta, Andrew"]
[Black "Hanczar, Csombor"]
[Result "1/2-1/2"]
[WhiteElo "1787"]
[BlackElo "1562"]
[PlyCount "106"]
[GameId "2151376981071400"]
[EventDate "2025.01.17"]
[EventType "swiss"]
[EventRounds "5"]
[EventCountry "WLS"]

1. c4 Nf6 2. Nf3 g6 3. Nc3 Bg7 4. e4 d6 5. d4 O-O 6. h3 c5 7. d5 e6 8. Bd3 exd5 9. cxd5 a6 10. a4 b6 11. Be3 Nfd7 12. Qd2 Ne5 13. Nxe5 Bxe5 14. g4 Nd7 15. f4 Bg7 16. Kd1 Nf6 17. Kc2 Bd7 18. Qe2 b5 19. axb5 axb5 20. Nxb5 Bxb5 21. Bxb5 Nxe4 22. Qc4 Qb6 23. Ra3 Rfb8 24. Rb3 f5 25. Rb1 Ra7 26. Bc6 Qxb3+ 27. Qxb3 Rxb3 28. Kxb3 Kf7 29. g5 h6 30. h4 hxg5 31. hxg5 Ng3 32. Kc4 Ra2 33. b4 cxb4 34. Kxb4 Rb2+ 35. Rxb2 Bxb2 36. Bb5 Ke7 37. Ka5 Ne4 38. Kb6 Ba3 39. Kc7 Nc5 40. Bd4 Ne4 41. Be3 Bb4 42. Kc8 Bc5 43. Bc1 Bb4 44. Bd3 Bc3 45. Kc7 Bb4 46. Kc6 Nc3 47. Bb2 Ne4 48. Bd4 Bc5 49. Bxc5 Nxc5 50. Bc2 Ne4 51. Bd3 Nc5 52. Be2 Nb3 53. Bd3 Nc5 1/2-1/2